|
|
|
|
| LEADER |
00985naa a2200217 i 4500 |
| 001 |
acta84321 |
| 005 |
20240326100122.0 |
| 008 |
240326s2017 hu o 1|| eng d |
| 020 |
|
|
|a 978-963-306-530-3
|
| 040 |
|
|
|a SZTE Egyetemi Kiadványok Repozitórium
|b hun
|
| 041 |
|
|
|a eng
|
| 100 |
2 |
|
|a Oszterhuberné Bartus Ildikó
|
| 245 |
1 |
0 |
|a Comparative analysis of development trajectories of food economies in Europe
|h [elektronikus dokumentum] :
|b [abstract] /
|c Oszterhuberné Bartus Ildikó
|
| 260 |
|
|
|a University of Szeged Faculty of Agriculture
|b Szeged
|c 2017
|
| 300 |
|
|
|a 64
|
| 490 |
0 |
|
|a Wellmann International Scientific Conference
|v 15
|
| 650 |
|
4 |
|a Társadalomtudományok
|
| 650 |
|
4 |
|a Közgazdasági és gazdálkodástudományok
|
| 695 |
|
|
|a Élelmiszergazdaság - előadáskivonat
|
| 711 |
|
|
|a 15th Wellmann International Scientific Conference
|c Hódmezővásárhely
|d 2017. május 3.
|
| 856 |
4 |
0 |
|u http://acta.bibl.u-szeged.hu/84321/1/wellmann_abstracts_2017_064.pdf
|z Dokumentum-elérés
|